[Event "Stuttgart-chA int"]
[Site "Ditzingen"]
[Date "2006.05.26"]
[Round "4"]
[White "Al Saleh, Mohammad"]
[Black "Krain, Thomas"]
[Result "1-0"]
[WhiteElo "2006"]
[BlackElo "1819"]
[PlyCount "71"]
[EventDate "2006.05.25"]
[EventType "swiss"]
[EventRounds "7"]
[EventCountry "GER"]
[SourceTitle "EXT 2018"]
[Source "ChessBase"]
[SourceDate "2017.10.13"]
[SourceVersion "1"]
[SourceVersionDate "2017.10.13"]
[SourceQuality "1"]

1. e4 e6 2. d4 d5 3. Nc3 dxe4 4. Nxe4 Nd7 5. Nf3 Ngf6 6. Bd3 Be7 7. Qe2 0-0 8. Bg5 Nd5 9. 0-0-0 Bxg5+ 10. Nexg5 N7f6 11. Qd2 Qd6 12. Kb1 b5 13. Ne4 Nxe4 14. Bxe4 c6 15. Rhe1 Bd7 16. Ne5 a5 17. Qg5 h6 18. Qh4 b4 19. g4 Nc3+ 20. bxc3 bxc3 21. Ka1 Qa3 22. Rb1 Rab8 23. Nd3 f5 24. gxf5 exf5 25. Bf3 c5 26. Bd5+ Kh7 27. dxc5 Ba4 28. Bb3 Bb5 29. Rg1 Rb7 30. Bd5 Rd7 31. Rg3 Qa4 32. Qxa4 Bxa4 33. Rb7 Rxb7 34. Bxb7 Bxc2 35. Ne5 Rd8 36. Rxc3 1-0

[Event "Stuttgart-chA int"]
[Site "Ditzingen"]
[Date "2006.05.25"]
[Round "2"]
[White "Mueller, Wolfgang1111"]
[Black "Krain, Thomas"]
[Result "1/2-1/2"]
[WhiteElo "1982"]
[BlackElo "1819"]
[PlyCount "82"]
[EventDate "2006.05.25"]
[EventType "swiss"]
[EventRounds "7"]
[EventCountry "GER"]
[SourceTitle "EXT 2018"]
[Source "ChessBase"]
[SourceDate "2017.10.13"]
[SourceVersion "1"]
[SourceVersionDate "2017.10.13"]
[SourceQuality "1"]

1. Nf3 d5 2. d4 Nf6 3. e3 e6 4. Bd3 Bd6 5. b3 0-0 6. Bb2 Nbd7 7. 0-0 c5 8. Nbd2 b6 9. Ne5 Bb7 10. Qe2 a6 11. f4 b5 12. c4 bxc4 13. bxc4 cxd4 14. exd4 dxc4 15. Ndxc4 Be7 16. f5 exf5 17. Bxf5 Nxe5 18. dxe5 Bc5+ 19. Kh1 Qe7 20. Qc2 Nh5 21. Bg4 Qh4 22. Bxh5 Qxh5 23. Na5 Rab8 24. Nxb7 Rxb7 25. Rab1 Be7 26. Bd4 Rd7 27. Qe4 Rfd8 28. Bb6 Rc8 29. e6 Rd2 30. exf7+ Kf8 31. Be3 Rd7 32. Rb7 Rxb7 33. Qxb7 Qg4 34. Qxa6 Rc2 35. Qa8+ Rc8 36. Qd5 Qe2 37. Qf3 Qxa2 38. Qh5 Qc2 39. h3 Qe4 40. Qf5 Qxf5 41. Rxf5 Bf6 1/2-1/2